Southville International School and Colleges
Your cart is empty.
  • Cart
  • Lists
    Public lists Eva Luna New books Lux_list list_1
    Your lists Log in to create your own lists
  • Log in to your account
  • Your cookies
  • Search history
Southville International School and Colleges
  • Advanced search
  • Recent comments
  • Most popular
  • Libraries

Log in to your account

Log in with GOOGLE


If you do not have an external account, but do have a local account, you can still log in:

  1. Home
  2. MARC view: Real estate finance & investments
Normal view MARC view ISBD view

Real estate finance & investments (Record no. 365542)

[ view plain ]
MARC details
000 -LEADER
fixed length control field 00739nam a22002177a 4500
003 - CONTROL NUMBER IDENTIFIER
control field 0
005 - DATE AND TIME OF LATEST TRANSACTION
control field 20231023121720.0
008 - FIXED-LENGTH DATA ELEMENTS--GENERAL INFORMATION
fixed length control field 231023b xxu||||| |||| 00| 0 eng d
020 ## - INTERNATIONAL STANDARD BOOK NUMBER
International Standard Book Number 978-1-264-89299-4
050 ## - LIBRARY OF CONGRESS CALL NUMBER
Classification number HG 2040.5
Item number .B78 2022
100 ## - MAIN ENTRY--PERSONAL NAME
Personal name Brueggeman, William
245 ## - TITLE STATEMENT
Title Real estate finance & investments
Statement of responsibility, etc William Brueggeman
250 ## - EDITION STATEMENT
Edition statement Seventeenth edition
260 ## - PUBLICATION, DISTRIBUTION, ETC. (IMPRINT)
Place of publication, distribution, etc New York
Name of publisher, distributor, etc McGrawHill, LLC
Date of publication, distribution, etc c2022.
300 ## - PHYSICAL DESCRIPTION
Extent xviii, 814 pages :
Other physical details colored illustrations ;
Dimensions 26 cm.
500 ## - GENERAL NOTE
General note Mortage loans -- United States.
504 ## - BIBLIOGRAPHY, ETC. NOTE
Bibliography, etc Includes bibliographical references, index, and glossary.
650 ## - SUBJECT ADDED ENTRY--TOPICAL TERM
Topical term or geographic name as entry element Mortage loans -- United States.
650 ## - SUBJECT ADDED ENTRY--TOPICAL TERM
Topical term or geographic name as entry element Real property--United States--Finance.
942 ## - ADDED ENTRY ELEMENTS (KOHA)
Source of classification or shelving scheme Library of Congress Classification
Koha item type Books
Holdings
Withdrawn status Lost status Source of classification or shelving scheme Damaged status Home library Current library Shelving location Date acquired Source of acquisition Sub Shelving location Total Checkouts Full call number Barcode Date last seen Price effective from Koha item type
    Library of Congress Classification   College Library College Library Reserve Section 10/23/2023 Library Fund     HG 2040.5 .B78 2022 C23083 10/23/2023 10/23/2023 Books

Real estate finance & investments

APA

Brueggeman W., . (2022). Real estate finance & investments. New York: McGrawHill, LLC.

Chicago

Brueggeman William, . 2022. Real estate finance & investments. New York: McGrawHill, LLC.

Harvard

Brueggeman W., . (2022). Real estate finance & investments. New York: McGrawHill, LLC.

MLA

Brueggeman William, . Real estate finance & investments. New York: McGrawHill, LLC. 2022.

  • Place hold
  • Print
  • Cite
  • Add to your cart (remove)
  • Save record
    BIBTEX Dublin Core MARCXML MARC (non-Unicode/MARC-8) MARC (Unicode/UTF-8) MARC (Unicode/UTF-8, Standard) MODS (XML) RIS
  • More searches
    Search for this title in:
    Other Libraries (WorldCat) Other Databases (Google Scholar) Online Stores (Bookfinder.com) Open Library (openlibrary.org)

Exporting to Dublin Core...

SOUTHVILLE LIBRARY

Southville International School and Colleges Library

1281 Tropical Ave. Cor. Luxembourg St., BF Homes International, Las Pinas City

Tel. No. 8256374 / 252358 Loc. 117/146

Powered by Koha